História do Brasil na poesia de José Paulo Paes (Record no. 154752)

MARC details
000 -LÍDER
campo de controle de tamanho fixo 00400 a2200157 4500
001 - NÚMERO DE CONTROLE
campo de controle 154752
040 ## - FONTE DA CATALOGAÇÃO
Instituição que transcreveu o registro Escola São Tomás de Aquino
100 ## - ENTRADA PRINCIPAL--NOME PESSOAL
Nome pessoal PAES, José Paulo
240 10 - TÍTULO UNIFORME
Título uniforme História do Brasil na poesia de José Paulo Paes
Idioma da obra por
245 10 - TÍTULO
Título História do Brasil na poesia de José Paulo Paes
300 ## - DESCRIÇÃO FÍSICA
Extensão 47
362 0# - DATAS DE PUBLICAÇÃO E/OU DESIGNAÇÃO SEQUENCIAL
Datas de publicação e/ou designação sequencial 2006
440 #1 - DECLARAÇÃO DE SÉRIE/ENTRADA ADICIONADA--TÍTULO
Título Global
697 ## - ENTRADA DE ASSUNTO LOCAL--ENTIDADE COLETIVA (RLIN)
Nome corporativo ou nome da jurisdição HISTÓRIA
942 ## - ELEMENTOS DE ENTRADA ADICIONADOS (KOHA)
Tipo de material Koha Livros
Holdings
Situação do descarte Situação das perdas Situação física Não pode ser emprestado Biblioteca de origem Biblioteca atual Data de aquisição Total de empréstimos Número de chamada completo Código de barras Data de último acesso Data do preço efetivo Tipo de material Koha
        ESTA - SÃO BENTO ESTA - SÃO BENTO 30/04/2024   900 PAE HIS EST00008830 30/04/2024 30/04/2024 Livros